[Event "DEN-chT XtraCon 2018-19"]
[Site "Denmark"]
[Date "2019.01.12"]
[Round "5"]
[White "Ochsner, Bjorn Moller"]
[Black "Aagaard, Jacob"]
[Result "1/2-1/2"]
[WhiteElo "2447"]
[BlackElo "2470"]
[Annotator "ChessBase"]
[PlyCount "38"]
[EventDate "2018.10.27"]
[EventType "team-tourn"]
[EventCountry "DEN"]
[SourceTitle "playchess.com"]
[Source "ChessBase"]
[SourceQuality "1"]
[TimeControl "40/5400+30:1800+30"]

1. e4 {[%emt 0:00:00]} c5 {[%emt 0:00:00]} 2. Nf3 {[%emt 0:00:00]} Nc6 {[%emt 0:00:00]} 3. Bb5 {[%emt 0:00:21]} Na5 {[%emt 0:02:02]} 4. c3 {[%emt 0:04:30]} e6 {[%emt 0:03:24]} 5. O-O {[%emt 0:04:29]} a6 {[%emt 0:02:05]} 6. Be2 {[%emt 0:14:48]} b5 {[%emt 0:06:01]} 7. d4 {[%emt 0:05:22]} cxd4 {[%emt 0:02:21]} 8. cxd4 {[%emt 0:00:08]} Bb7 {[%emt 0:01:43]} 9. Bd3 {[%emt 0:00:49]} d6 {[%emt 0:06:23]} 10. Qe2 {[%emt 0:04:46]} Nf6 {[%emt 0:02:48]} 11. Nbd2 {[%emt 0:00:55]} Be7 {[%emt 0:00:39]} 12. Rd1 {[%emt 0:00:34]} Nd7 {[%emt 0:08:19]} 13. Nf1 {[%emt 0:07:55]} O-O {[%emt 0:01:24]} 14. Ng3 {[%emt 0:01:06]} Re8 {[%emt 0:05:20]} 15. Bf4 {[%emt 0:11:11]} Nc6 {[%emt 0:09:28]} 16. Be3 {[%emt 0:15:19]} g6 {[%emt 0:03:08]} 17. a4 {[%emt 0:01:44]} bxa4 {[%emt 0:04:05]} 18. Rxa4 {[%emt 0:00:18]} Nb6 {[%emt 0:00:01]} 19. Raa1 {[%emt 0:00:47]} Nb4 {[%emt 0:00:04]} 1/2-1/2

[Event "DEN-chT XtraCon 2018-19"]
[Site "Denmark"]
[Date "2019.01.12"]
[Round "5"]
[White "Hansen, Mads"]
[Black "Laursen, Niels Norskov"]
[Result "1-0"]
[WhiteElo "2403"]
[BlackElo "2276"]
[Annotator "NA"]
[PlyCount "85"]
[EventDate "2018.10.27"]
[EventType "team-tourn"]
[EventCountry "DEN"]
[SourceTitle "playchess.com"]
[Source "ChessBase"]
[SourceQuality "1"]
[TimeControl "40/5400+30:1800+30"]

1. e4 {[%emt 0:00:00]} d6 {[%emt 0:00:00]} 2. d4 {[%emt 0:00:00]} Nf6 {[%emt 0:00:00]} 3. Nc3 {[%emt 0:00:00]} g6 {[%emt 0:00:00]} 4. Nf3 {[%emt 0:00:07]} Bg7 {[%emt 0:00:07]} 5. Be2 {[%emt 0:00:05]} O-O {[%emt 0:00:22]} 6. O-O {[%emt 0:00:06]} Bg4 {[%emt 0:00:45]} 7. Be3 {[%emt 0:00:30]} Nc6 {[%emt 0:00:42]} 8. d5 {[%emt 0:00:13]} Bxf3 {[%emt 0:00:48]} 9. Bxf3 {[%emt 0:00:03]} Ne5 {[%emt 0:00:07]} 10. Be2 {[%emt 0:00:04]} c6 {[%emt 0:00:35]} 11. f4 {[%emt 0:00:05]} Ned7 {[%emt 0:00:11]} 12. dxc6 {[%emt 0:00:04]} bxc6 {[%emt 0:00:05]} 13. Rb1 {[%emt 0:00:05]} Qc7 {[%emt 0:09:03]} 14. Qd2 {[%emt 0:03:44]} Rab8 {[%emt 0:03:56]} 15. a3 {[%emt 0:06:27]} Nb6 {[%emt 0:06:01]} 16. Rfd1 {[%emt 0:06:18]} d5 {[%emt 0:04:32]} 17. e5 {[%emt 0:01:10]} Nfd7 {[%emt 0:02:45]} 18. b4 {[%emt 0:05:27]} e6 {[%emt 0:01:38]} 19. Qe1 {[%emt 0:03:46]} f6 {[%emt 0:03:09]} 20. exf6 {[%emt 0:04:14]} Bxf6 {[%emt 0:00:27]} 21. a4 {[%emt 0:34:20]} Rbe8 {[%emt 0:10:43]} 22. a5 {[%emt 0:01:05]} Nc8 {[%emt 0:00:32]} 23. Qd2 {[%emt 0:01:50]} Nd6 {[%emt 0:10:40]} 24. Kh1 {[%emt 0:05:15]} Kh8 {[%emt 0:03:06]} 25. Bd4 {[%emt 0:02:14]} Bxd4 {[%emt 0:09:59]} 26. Qxd4+ {[%emt 0:00:01]} e5 {[%emt 0:02:51]} 27. fxe5 {[%emt 0:00:04]} Nf5 {[%emt 0:00:49]} 28. Qd2 {[%emt 0:01:27]} Rxe5 {[%emt 0:06:09]} 29. Rf1 {[%emt 0:03:26]} Nf6 {[%emt 0:03:41]} 30. Bf3 {[%emt 0:05:03]} Ne3 {[%emt 0:01:39]} 31. Rf2 {[%emt 0:01:16]} Qe7 {[%emt 0:02:39]} 32. h3 {[%emt 0:04:42]} g5 {[%emt 0:03:06]} 33. Kg1 {[%emt 0:02:07]} Rg8 {[%emt 0:08:56]} 34. Qd4 {[%emt 0:03:22]} g4 {[%emt 0:01:56]} 35. hxg4 {[%emt 0:02:46]} Nfxg4 {[%emt 0:00:22]} 36. Re1 {[%emt 0:03:05]} Qg7 {[%emt 0:04:53]} 37. Bxg4 {[%emt 0:00:57]} Nxg4 {[%emt 0:00:13]} 38. Rxe5 {[%emt 0:00:53]} Nxe5 {[%emt 0:00:46]} 39. Kf1 {[%emt 0:00:59]} Qg3 {[%emt 0:00:41]} 40. Ne2 {[%emt 0:01:07]} Qh2 {[%emt 0:00:18]} 41. Ng1 {[%emt 0:08:22]} Rg4 {[%emt 0:07:10]} 42. Qxa7 {[%emt 0:03:34]} Nf3 {[%emt 0:05:03]} 43. Nxf3 {[%emt 0:00:33]} 1-0

[Event "DEN-chT XtraCon 2018-19"]
[Site "Denmark"]
[Date "2019.01.12"]
[Round "5"]
[White "Bromann, Thorbjorn"]
[Black "Pedersen, Nicolai Vesterbaek"]
[Result "1-0"]
[WhiteElo "2390"]
[BlackElo "2392"]
[Annotator "NA"]
[PlyCount "73"]
[EventDate "2018.10.27"]
[EventType "team-tourn"]
[EventCountry "DEN"]
[SourceTitle "playchess.com"]
[Source "ChessBase"]
[SourceQuality "1"]
[TimeControl "40/5400+30:1800+30"]

1. d4 {[%emt 0:00:00]} Nf6 {[%emt 0:00:00]} 2. Nc3 {[%emt 0:00:00]} d5 {[%emt 0:00:00]} 3. Bf4 {[%emt 0:00:00]} a6 {[%emt 0:00:20]} 4. e3 {[%emt 0:00:18]} e6 {[%emt 0:01:28]} 5. a3 {[%emt 0:01:38]} c5 {[%emt 0:09:22]} 6. Nf3 {[%emt 0:00:15]} b5 {[%emt 0:07:05]} 7. Ne5 {[%emt 0:01:17]} Bb7 {[%emt 0:08:13]} 8. Nd3 {[%emt 0:04:35]} c4 {[%emt 0:17:44]} 9. Ne5 {[%emt 0:05:10]} Nbd7 {[%emt 0:11:49]} 10. Be2 {[%emt 0:06:52]} Nxe5 {[%emt 0:09:30]} 11. Bxe5 {[%emt 0:01:41]} b4 {[%emt 0:03:09]} 12. axb4 {[%emt 0:06:54]} Bxb4 {[%emt 0:00:10]} 13. O-O {[%emt 0:00:10]} O-O {[%emt 0:02:22]} 14. Na4 {[%emt 0:00:59]} Nd7 {[%emt 0:04:18]} 15. c3 {[%emt 0:07:37]} Nxe5 {[%emt 0:02:24]} 16. cxb4 {[%emt 0:00:38]} Nc6 {[%emt 0:00:23]} 17. Nc5 {[%emt 0:06:41]} Rb8 {[%emt 0:03:38]} 18. Ra4 {[%emt 0:10:50]} Bc8 {[%emt 0:05:44]} 19. b3 {[%emt 0:04:51]} Rxb4 {[%emt 0:04:36]} 20. bxc4 {[%emt 0:02:55]} dxc4 {[%emt 0:00:32]} 21. Bxc4 {[%emt 0:06:51]} a5 {[%emt 0:01:00]} 22. Nd3 {[%emt 0:10:18]} Rb6 {[%emt 0:00:45]} 23. Nc5 {[%emt 0:04:52]} Rb4 {[%emt 0:00:28]} 24. Rxb4 {[%emt 0:01:27]} Nxb4 {[%emt 0:02:05]} 25. Qa4 {[%emt 0:00:44]} Qc7 {[%emt 0:04:38]} 26. Rc1 {[%emt 0:06:39]} Qb6 {[%emt 0:00:38]} 27. Nb3 {[%emt 0:01:57]} Nc6 {[%emt 0:00:19]} 28. Bb5 {[%emt 0:04:06]} Na7 {[%emt 0:00:08]} 29. Bf1 {[%emt 0:00:09]} Bb7 {[%emt 0:00:45]} 30. Nxa5 {[%emt 0:00:41]} Bd5 {[%emt 0:00:21]} 31. Nc4 {[%emt 0:01:14]} Qc7 {[%emt 0:00:46]} 32. Ra1 {[%emt 0:01:16]} Nc8 {[%emt 0:00:33]} 33. Qa5 {[%emt 0:00:55]} Qb7 {[%emt 0:00:35]} 34. Qc5 {[%emt 0:00:27]} Rd8 {[%emt 0:00:24]} 35. Na5 {[%emt 0:00:50]} Qb2 {[%emt 0:00:35]} 36. Rc1 {[%emt 0:00:52]} Nd6 {[%emt 0:00:16]} 37. Qxd6 {[%emt 0:00:32]} 1-0

[Event "DEN-chT XtraCon 2018-19"]
[Site "Denmark"]
[Date "2019.01.12"]
[Round "5"]
[White "Skytte, Rasmus"]
[Black "Haubro, Martin"]
[Result "0-1"]
[WhiteElo "2382"]
[BlackElo "2321"]
[Annotator "NA"]
[PlyCount "88"]
[EventDate "2018.10.27"]
[EventType "team-tourn"]
[EventCountry "DEN"]
[SourceTitle "playchess.com"]
[Source "ChessBase"]
[SourceQuality "1"]
[TimeControl "40/5400+30:1800+30"]

1. d4 {[%emt 0:00:00]} d5 {[%emt 0:00:00]} 2. c4 {[%emt 0:00:14]} e6 {[%emt 0:00:00]} 3. Nf3 {[%emt 0:01:07]} c6 {[%emt 0:00:06]} 4. Nbd2 {[%emt 0:01:56]} Nf6 {[%emt 0:06:12]} 5. e3 {[%emt 0:03:12]} Nbd7 {[%emt 0:01:13]} 6. b3 {[%emt 0:01:56]} Ne4 {[%emt 0:01:26]} 7. Nxe4 {[%emt 0:01:13]} dxe4 {[%emt 0:00:50]} 8. Nd2 {[%emt 0:00:07]} f5 {[%emt 0:02:19]} 9. Bb2 {[%emt 0:06:58]} Bd6 {[%emt 0:12:36]} 10. Qh5+ {[%emt 0:12:49]} g6 {[%emt 0:08:14]} 11. Qh6 {[%emt 0:00:44]} Bf8 {[%emt 0:01:10]} 12. Qh3 {[%emt 0:01:28]} Bg7 {[%emt 0:00:07]} 13. f3 {[%emt 0:07:50]} exf3 {[%emt 0:02:03]} 14. Nxf3 {[%emt 0:15:39]} Qa5+ {[%emt 0:00:57]} 15. Kd1 {[%emt 0:02:23]} O-O {[%emt 0:12:02]} 16. Kc2 {[%emt 0:01:30]} Re8 {[%emt 0:07:35]} 17. Bc3 {[%emt 0:09:38]} Qc7 {[%emt 0:01:20]} 18. Bd3 {[%emt 0:02:23]} e5 {[%emt 0:01:15]} 19. c5 {[%emt 0:00:52]} b5 {[%emt 0:03:43]} 20. cxb6 {[%emt 0:03:14]} Nxb6 {[%emt 0:00:04]} 21. Ba5 {[%emt 0:03:41]} Qe7 {[%emt 0:04:15]} 22. Nxe5 {[%emt 0:07:40]} Bxe5 {[%emt 0:01:48]} 23. dxe5 {[%emt 0:00:09]} Be6 {[%emt 0:06:48]} 24. Bc3 {[%emt 0:05:33]} Nd5 {[%emt 0:00:46]} 25. Rac1 {[%emt 0:02:19]} Nxc3 {[%emt 0:02:48]} 26. Kxc3 {[%emt 0:00:07]} Qc5+ {[%emt 0:00:03]} 27. Kb2 {[%emt 0:01:11]} Qxe5+ {[%emt 0:00:12]} 28. Rc3 {[%emt 0:00:46]} a5 {[%emt 0:10:27]} 29. Qh6 {[%emt 0:02:50]} Bd5 {[%emt 0:02:00]} 30. Rhc1 {[%emt 0:03:47]} a4 {[%emt 0:00:28]} 31. Qf4 {[%emt 0:01:28]} axb3 {[%emt 0:00:05]} 32. axb3 {[%emt 0:00:08]} Qe7 {[%emt 0:01:17]} 33. Bc4 {[%emt 0:01:05]} Qa3+ {[%emt 0:01:10]} 34. Kc2 {[%emt 0:00:06]} Qa2+ {[%emt 0:02:11]} 35. Kd1 {[%emt 0:00:08]} Rad8 {[%emt 0:00:03]} 36. Rd3 {[%emt 0:01:13]} Qxg2 {[%emt 0:00:58]} 37. Rc2 {[%emt 0:00:19]} Qg1+ {[%emt 0:02:31]} 38. Kd2 {[%emt 0:00:15]} Bxc4 {[%emt 0:00:32]} 39. Qxc4+ {[%emt 0:00:18]} Kg7 {[%emt 0:00:05]} 40. Qc3+ {[%emt 0:01:12]} Kh6 {[%emt 0:00:06]} 41. Rd4 {[%emt 0:04:10]} c5 {[%emt 0:01:22]} 42. Rxd8 {[%emt 0:02:08]} Rxd8+ {[%emt 0:00:04]} 43. Ke2 {[%emt 0:00:05]} Rd1 {[%emt 0:00:29]} 44. Qxc5 {[%emt 0:00:36]} Qf1# 0-1

[Event "DEN-chT XtraCon 2018-19"]
[Site "Denmark"]
[Date "2019.01.12"]
[Round "5"]
[White "Aabling-Thomsen, Jakob"]
[Black "Bjerre, Jonas Buhl"]
[Result "0-1"]
[WhiteElo "2374"]
[BlackElo "2422"]
[Annotator "TA"]
[PlyCount "128"]
[EventDate "2018.10.27"]
[EventType "team-tourn"]
[EventCountry "DEN"]
[SourceTitle "playchess.com"]
[Source "ChessBase"]
[SourceQuality "1"]

{[%evp 9,128,-58,-31,-139,-150,-154,-140,-154,-139,-149,-136,-143,-116,-124,-119,-97,29,22,52,53,42,-69,-86,-99,-86,-100,-87,-86,-87,-95,-93,-125,-100,-93,-43,-89,-87,-93,-77,-81,-77,-68,-69,-70,-66,-68,-66,-53,-58,-67,-23,-37,-10,-9,-25,-11,-8,-12,-8,-56,-54,-68,-74,-74,-74,-73,-76,-169,-169,-168,-166,-187,-189,-189,-114,-105,-70,-77,-77,-68,-68,-167,-150,-189,-189,-171,-135,-189,-179,-183,-185,-351,-350,-476,-473,-473,-473,-473,-452,-403,-386,-377,-347,-1922,-1456,-4973,-4973,-4134,-4452,-1504,-1585,-5010,-5010,-29964,-4973,-4966,-4959,-4943,-1581,-29982,-29983]} 1. d4 Nf6 2. Bg5 Ne4 3. h4 d5 4. Nf3 c5 5. Nbd2 (5. e3 cxd4 6. exd4 Nc6 7. c3 Bg4 8. Be2 Qc7 9. Nbd2 Nxg5 10. hxg5 g6 11. Qb3 e6 12. Rh4 Bxf3 13. Nxf3 {0-1 (41) Vass,F (2322)-Vajda,L (2588) Slovakia 2017}) 5... f6 $146 (5... Nxg5 {with more complications.} 6. hxg5 cxd4 7. Nb3 e5 8. Nxe5 Bb4+) ({Predecessor:} 5... Qa5 6. c3 Nxd2 7. Qxd2 Nc6 8. e3 Bf5 9. Bf4 e6 10. h5 h6 11. Be2 Be7 12. Nh4 {1-0 (59) Stingl,K (1843)-Kinkelin,U (1929) Bayern 2014}) 6. dxc5 {D03: 1 d4 d5 2 Nf3 Nf6 3 Bg5, including Torre Attack with early ...d5} (6. Be3 $15) 6... fxg5 $17 7. Nxe4 dxe4 8. Qxd8+ {Black is clearly better.} Kxd8 9. Nxg5 {Nf7+ is the strong threat.} Kc7 10. Nxe4 Bf5 11. Nc3 e5 12. b4 b6 {[#]} ({Better is} 12... Be6 $17 {Threatens to win with ...a5.} 13. a3 a5) 13. g4 $1 $11 {[%cal Rg4f5][%mdl 512]} Be6 ({But not} 13... Bxc2 $6 14. Bg2 $16) (13... Bxg4 14. Nd5+) 14. Bg2 {[%mdl 1024] White has compensation.} Nc6 {Hoping for ...Rc8.} 15. O-O-O ({White must play} 15. b5 $14) 15... Rc8 $1 $36 {[%mdl 2048] White is under strong pressure.} 16. Nb5+ Kb8 17. Nd6 Rc7 $1 ({Reject} 17... Nxb4 $6 18. Nxc8 Kxc8 19. c3 $11) 18. Nb5 Nxb4 19. Nxc7 Kxc7 20. c3 Nc6 ({Of course not} 20... Nxa2+ $6 21. Kb2 $15) 21. cxb6+ Kxb6 22. Bd5 Bxg4 23. f3 Bh5 24. Kc2 Bc5 25. Rb1+ Kc7 26. Rb5 Bb6 27. Bxc6 Kxc6 28. Rxe5 Bg6+ 29. e4 Bc7 30. Re7 Rf8 31. h5 Bf7 32. h6 g5 33. Rd1 $1 {[%cal Rd1d7] And now Rdd7 would win.} Bb6 34. Rdd7 Bg6 35. Rd3 Rf6 $1 36. Re5 {[#]} g4 $1 {[%mdl 512]} 37. fxg4 {[#]} Bc7 $1 {[%cal Rc7e5]} 38. Rf5 (38. Re7 $17) 38... Bxf5 $19 39. exf5 Rxh6 {[%mdl 4096] Endgame KRB-KR} 40. Kb3 Rh4 41. Rd4 Be5 ({Black should try} 41... Bb6 $19 42. Rb4 h5 43. gxh5 Rxh5) 42. Ra4 Kb6 43. Rb4+ $1 Kc5 {White must now prevent ...Rh3.} 44. Ra4 Bb8 45. Rc4+ (45. f6 $15) 45... Kd5 46. Rc8 Bd6 47. Rg8 Rh3 48. Ra8 {[#]} (48. f6 $17) 48... Bc5 $1 49. Rg8 h6 50. g5 $2 (50. Rd8+ {keeps fighting.} Bd6 51. a4) 50... hxg5 51. Rxg5 Bd4 52. f6+ Ke6 53. f7 Rxc3+ 54. Kb4 Rf3 55. Kc4 Bf2 56. a4 $2 (56. Rg6+ Kxf7 57. Ra6) 56... Rxf7 57. Rg6+ Rf6 58. Rg8 Kd6 59. Kb5 Kd5 60. a5 a6+ 61. Ka4 Rf4+ (61... Kc4 $142 62. Rc8+ Bc5 63. Rb8 Rf2 64. Rb4+ Kd5 65. Rh4 Be7 66. Rh1 Rb2 67. Rb1 Ra2+ 68. Kb3 Ra3+ 69. Kc2 Rxa5 70. Rb6 Ra2+ 71. Kb3 Ra3+ 72. Kb2 a5 73. Rb8 a4 74. Rd8+ Kc6 75. Rc8+ Kb7 76. Rg8 Re3 77. Rg2 Kb6 78. Rf2 Bc5 79. Kc2 Kb5 80. Rd2 Kc4 81. Rh2 Rg3 82. Kb1 Rg1+ 83. Ka2 Bd4 84. Ka3 Ra1+ 85. Ra2 Bc5+ 86. Kb2 Rxa2+ 87. Kxa2 a3 88. Kb1 Kb3 89. Kc1 a2 90. Kd1 a1=Q+ 91. Ke2 Qf6 92. Kd3 Qf3+ 93. Kd2 Bb4+ 94. Kc1 Qh1#) 62. Kb3 Kc5 63. Rb8 Be1 {( -> ...Rb4+)} 64. Rb6 Rb4+ {Accuracy: White = 41%, Black = 75%.} 0-1

[Event "DEN-chT XtraCon 2018-19"]
[Site "Denmark"]
[Date "2019.01.12"]
[Round "5"]
[White "Rostgaard, Tobias Valentin"]
[Black "Hagen, Andreas Skytte"]
[Result "1/2-1/2"]
[WhiteElo "2374"]
[BlackElo "2369"]
[Annotator "NA"]
[PlyCount "106"]
[EventDate "2018.10.27"]
[EventType "team-tourn"]
[EventCountry "DEN"]
[SourceTitle "playchess.com"]
[Source "ChessBase"]
[SourceQuality "1"]
[TimeControl "40/5400+30:1800+30"]

1. e4 {[%emt 0:00:00]} c5 {[%emt 0:00:00]} 2. Nf3 {[%emt 0:00:00]} d6 {[%emt 0:00:00]} 3. Bb5+ {[%emt 0:00:11]} Bd7 {[%emt 0:00:00]} 4. Bxd7+ {[%emt 0:00:11]} Qxd7 {[%emt 0:00:00]} 5. c4 {[%emt 0:00:15]} Nc6 {[%emt 0:00:00]} 6. d4 {[%emt 0:00:53]} cxd4 {[%emt 0:00:01]} 7. Nxd4 {[%emt 0:00:06]} g6 {[%emt 0:00:05]} 8. Nc3 {[%emt 0:00:07]} Bg7 {[%emt 0:00:05]} 9. Be3 {[%emt 0:00:05]} Nf6 {[%emt 0:00:05]} 10. f3 {[%emt 0:00:11]} O-O {[%emt 0:00:07]} 11. Qd3 {[%emt 0:02:35]} Rfc8 {[%emt 0:05:19]} 12. b3 {[%emt 0:00:20]} Qd8 {[%emt 0:02:14]} 13. O-O {[%emt 0:00:16]} a6 {[%emt 0:00:58]} 14. Rac1 {[%emt 0:04:53]} Nd7 {[%emt 0:00:17]} 15. Rfd1 {[%emt 0:03:17]} Bxd4 {[%emt 0:00:43]} 16. Bxd4 {[%emt 0:00:40]} Nxd4 {[%emt 0:00:06]} 17. Qxd4 {[%emt 0:00:06]} b5 {[%emt 0:00:37]} 18. cxb5 {[%emt 0:02:23]} axb5 {[%emt 0:02:49]} 19. Nd5 {[%emt 0:00:49]} Rc5 {[%emt 0:41:47]} 20. Rxc5 {[%emt 0:13:07]} Nxc5 {[%emt 0:12:15]} 21. Rc1 {[%emt 0:02:13]} Rxa2 {[%emt 0:07:28]} 22. b4 {[%emt 0:24:34]} Nb3 {[%emt 0:00:43]} 23. Rc8 {[%emt 0:00:14]} Nxd4 {[%emt 0:00:19]} 24. Rxd8+ {[%emt 0:00:07]} Kg7 {[%emt 0:00:03]} 25. Nxe7 {[%emt 0:00:43]} Ne2+ {[%emt 0:04:49]} 26. Kf1 {[%emt 0:01:57]} Nf4 {[%emt 0:01:28]} 27. Rxd6 {[%emt 0:04:18]} Rxg2 {[%emt 0:02:34]} 28. Rb6 {[%emt 0:04:35]} Rxh2 {[%emt 0:04:42]} 29. Rxb5 {[%emt 0:06:36]} Nd3 {[%emt 0:01:35]} 30. Rb8 {[%emt 0:02:41]} Rf2+ {[%emt 0:01:05]} 31. Kg1 {[%emt 0:00:05]} Rxf3 {[%emt 0:01:57]} 32. Rg8+ {[%emt 0:03:37]} Kf6 {[%emt 0:02:16]} 33. Nd5+ {[%emt 0:00:05]} Ke5 {[%emt 0:03:04]} 34. Re8+ {[%emt 0:00:06]} Kd4 {[%emt 0:00:52]} 35. b5 {[%emt 0:00:41]} Nc5 {[%emt 0:01:18]} 36. Nb4 {[%emt 0:08:41]} Rb3 {[%emt 0:02:56]} 37. Nc6+ {[%emt 0:00:57]} Ke3 {[%emt 0:00:12]} 38. Ne5 {[%emt 0:00:16]} Nxe4 {[%emt 0:03:25]} 39. Nc4+ {[%emt 0:01:44]} Kf3 {[%emt 0:00:44]} 40. Rxe4 {[%emt 0:00:31]} Rxb5 {[%emt 0:00:28]} 41. Re7 {[%emt 0:31:36]} Kg3 {[%emt 0:02:54]} 42. Rxf7 {[%emt 0:00:00]} Rb1+ {[%emt 0:00:10]} 43. Rf1 {[%emt 0:00:00]} Rxf1+ {[%emt 0:00:11]} 44. Kxf1 {[%emt 0:00:00]} h5 {[%emt 0:01:02]} 45. Kg1 {[%emt 0:00:00]} g5 {[%emt 0:00:14]} 46. Ne3 {[%emt 0:00:00]} g4 {[%emt 0:00:48]} 47. Nf1+ {[%emt 0:00:00]} Kf4 {[%emt 0:00:48]} 48. Nh2 {[%emt 0:00:00]} g3 {[%emt 0:00:24]} 49. Kg2 {[%emt 0:00:00]} gxh2 {[%emt 0:00:33]} 50. Kxh2 {[%emt 0:00:00]} h4 {[%emt 0:00:03]} 51. Kh1 {[%emt 0:00:00]} Kg3 {[%emt 0:00:05]} 52. Kg1 {[%emt 0:00:00]} h3 {[%emt 0:00:03]} 53. Kh1 {[%emt 0:00:00]} h2 {[%emt 0:00:03]} 1/2-1/2

[Event "DEN-chT XtraCon 2018-19"]
[Site "Denmark"]
[Date "2019.01.12"]
[Round "5"]
[White "Olsen, Filip Boe"]
[Black "Hoi, Carsten"]
[Result "1-0"]
[WhiteElo "2359"]
[BlackElo "2374"]
[Annotator "NA"]
[PlyCount "70"]
[EventDate "2018.10.27"]
[EventType "team-tourn"]
[EventCountry "DEN"]
[SourceTitle "playchess.com"]
[Source "ChessBase"]
[SourceQuality "1"]
[TimeControl "40/5400+30:1800+30"]

1. d4 {[%emt 0:00:00]} Nf6 {[%emt 0:00:47]} 2. c4 {[%emt 0:00:00]} g6 {[%emt 0:01:12]} 3. Nc3 {[%emt 0:00:08]} c5 {[%emt 0:02:24]} 4. d5 {[%emt 0:00:45]} d6 {[%emt 0:00:20]} 5. e4 {[%emt 0:00:41]} Bg7 {[%emt 0:00:44]} 6. h3 {[%emt 0:01:19]} O-O {[%emt 0:07:16]} 7. Nf3 {[%emt 0:00:27]} a6 {[%emt 0:01:14]} 8. a4 {[%emt 0:05:38]} e5 {[%emt 0:03:10]} 9. Bg5 {[%emt 0:18:18]} h6 {[%emt 0:03:54]} 10. Be3 {[%emt 0:04:20]} Nh5 {[%emt 0:01:59]} 11. g3 {[%emt 0:16:56]} f5 {[%emt 0:25:26]} 12. exf5 {[%emt 0:07:13]} gxf5 {[%emt 0:02:50]} 13. Nh4 {[%emt 0:04:10]} Nf6 {[%emt 0:08:33]} 14. Bd3 {[%emt 0:05:41]} f4 {[%emt 0:06:27]} 15. gxf4 {[%emt 0:08:07]} exf4 {[%emt 0:02:21]} 16. Bxf4 {[%emt 0:01:14]} Ne4 {[%emt 0:08:25]} 17. Ng6 {[%emt 0:04:47]} Nxc3 {[%emt 0:03:31]} 18. bxc3 {[%emt 0:00:17]} Rf7 {[%emt 0:00:10]} 19. Qc2 {[%emt 0:04:00]} Qf6 {[%emt 0:03:05]} 20. Kd2 {[%emt 0:02:34]} Nd7 {[%emt 0:04:30]} 21. Be3 {[%emt 0:04:49]} Ne5 {[%emt 0:04:35]} 22. Nxe5 {[%emt 0:00:59]} Qxe5 {[%emt 0:01:14]} 23. Rag1 {[%emt 0:01:15]} Bd7 {[%emt 0:01:35]} 24. Kc1 {[%emt 0:02:23]} Kh8 {[%emt 0:02:32]} 25. Rg6 {[%emt 0:01:04]} Rf6 {[%emt 0:01:54]} 26. Rhg1 {[%emt 0:00:52]} Rxg6 {[%emt 0:00:21]} 27. Rxg6 {[%emt 0:00:03]} Rf8 {[%emt 0:02:22]} 28. Bxh6 {[%emt 0:01:18]} Bxh6+ {[%emt 0:00:35]} 29. Rxh6+ {[%emt 0:00:08]} Kg8 {[%emt 0:00:18]} 30. Rg6+ {[%emt 0:01:52]} Kf7 {[%emt 0:00:34]} 31. Rg3 {[%emt 0:01:11]} Qf4+ {[%emt 0:00:29]} 32. Re3 {[%emt 0:01:32]} Bxh3 {[%emt 0:00:41]} 33. Kb1 {[%emt 0:00:33]} Bg4 {[%emt 0:00:25]} 34. Qb2 {[%emt 0:01:07]} Bc8 {[%emt 0:00:30]} 35. Qb6 {[%emt 0:00:48]} Qxf2 {[%emt 0:00:00]} 1-0

[Event "DEN-chT XtraCon 2018-19"]
[Site "Denmark"]
[Date "2019.01.12"]
[Round "5"]
[White "Sylvan, Jacob"]
[Black "Borge, Nikolaj"]
[Result "1/2-1/2"]
[WhiteElo "2340"]
[BlackElo "2370"]
[Annotator "NA"]
[PlyCount "61"]
[EventDate "2018.10.27"]
[EventType "team-tourn"]
[EventCountry "DEN"]
[SourceTitle "playchess.com"]
[Source "ChessBase"]
[SourceQuality "1"]
[TimeControl "40/5400+30:1800+30"]

1. d4 {[%emt 0:00:00]} Nf6 {[%emt 0:00:00]} 2. c4 {[%emt 0:00:00]} g6 {[%emt 0:00:42]} 3. Nc3 {[%emt 0:00:02]} Bg7 {[%emt 0:00:04]} 4. e4 {[%emt 0:00:06]} d6 {[%emt 0:00:11]} 5. Nf3 {[%emt 0:00:07]} O-O {[%emt 0:00:04]} 6. Be2 {[%emt 0:00:07]} e5 {[%emt 0:00:04]} 7. O-O {[%emt 0:00:07]} Nc6 {[%emt 0:02:23]} 8. dxe5 {[%emt 0:00:47]} Nxe5 {[%emt 0:09:03]} 9. Nxe5 {[%emt 0:01:39]} dxe5 {[%emt 0:02:31]} 10. Be3 {[%emt 0:00:17]} b6 {[%emt 0:18:34]} 11. Qxd8 {[%emt 0:12:21]} Rxd8 {[%emt 0:00:03]} 12. Nd5 Rd7 {[%emt 0:12:24]} 13. f3 {[%emt 0:13:27]} c6 {[%emt 0:06:57]} 14. Nb4 {[%emt 0:16:12]} Bb7 {[%emt 0:03:24]} 15. Rfd1 {[%emt 0:10:15]} Rad8 {[%emt 0:03:05]} 16. Rxd7 {[%emt 0:04:56]} Nxd7 {[%emt 0:04:34]} 17. Rd1 {[%emt 0:02:04]} Bf6 {[%emt 0:03:36]} 18. Nd3 {[%emt 0:05:09]} Ba6 {[%emt 0:05:16]} 19. Nb4 {[%emt 0:01:00]} Bb7 {[%emt 0:00:04]} 20. Nd3 {[%emt 0:00:12]} Be7 {[%emt 0:01:27]} 21. b4 {[%emt 0:06:36]} Ba6 {[%emt 0:02:12]} 22. c5 {[%emt 0:07:11]} bxc5 {[%emt 0:02:52]} 23. bxc5 {[%emt 0:01:52]} Kf8 {[%emt 0:06:04]} 24. Nxe5 {[%emt 0:03:34]} Bxe2 {[%emt 0:01:52]} 25. Rxd7 {[%emt 0:00:16]} Rxd7 {[%emt 0:01:02]} 26. Nxd7+ {[%emt 0:00:06]} Ke8 {[%emt 0:00:07]} 27. Ne5 {[%emt 0:00:09]} Bb5 {[%emt 0:00:09]} 28. f4 {[%emt 0:00:49]} Bf6 {[%emt 0:01:07]} 29. Nf3 {[%emt 0:00:55]} Bb2 {[%emt 0:01:40]} 30. Nd4 {[%emt 0:03:25]} Bxd4 {[%emt 0:00:52]} 31. Bxd4 {[%emt 0:00:08]} 1/2-1/2

[Event "DEN-chT XtraCon 2018-19"]
[Site "Denmark"]
[Date "2019.01.12"]
[Round "5"]
[White "Palm, Nikolaj"]
[Black "Boe, Mads"]
[Result "1/2-1/2"]
[WhiteElo "2276"]
[BlackElo "2302"]
[Annotator "NA"]
[PlyCount "34"]
[EventDate "2018.10.27"]
[EventType "team-tourn"]
[EventCountry "DEN"]
[SourceTitle "playchess.com"]
[Source "ChessBase"]
[SourceQuality "1"]
[TimeControl "40/5400+30:1800+30"]

1. d4 {[%emt 0:00:00]} f5 {[%emt 0:00:00]} 2. Nf3 {[%emt 0:00:00]} Nf6 {[%emt 0:00:00]} 3. c4 {[%emt 0:00:06]} e6 {[%emt 0:00:00]} 4. Nc3 {[%emt 0:00:29]} Be7 {[%emt 0:01:25]} 5. e3 {[%emt 0:02:08]} d6 {[%emt 0:04:42]} 6. a3 {[%emt 0:01:41]} O-O {[%emt 0:05:10]} 7. Bd3 {[%emt 0:01:51]} Qe8 {[%emt 0:13:37]} 8. Qc2 {[%emt 0:03:06]} Bd8 {[%emt 0:16:49]} 9. Bd2 {[%emt 0:06:52]} Nc6 {[%emt 0:05:42]} 10. O-O-O {[%emt 0:06:40]} a6 {[%emt 0:02:51]} 11. h3 {[%emt 0:05:42]} b5 {[%emt 0:11:10]} 12. cxb5 {[%emt 0:05:27]} axb5 {[%emt 0:00:06]} 13. Bxb5 {[%emt 0:02:10]} Bd7 {[%emt 0:00:35]} 14. Bd3 {[%emt 0:05:17]} Ne7 {[%emt 0:02:13]} 15. g4 {[%emt 0:09:01]} Bc6 {[%emt 0:12:00]} 16. Be2 {[%emt 0:21:05]} Ne4 {[%emt 0:01:45]} 17. Rh2 {[%emt 0:01:50]} Nd5 {[%emt 0:03:12]} 1/2-1/2